Films avec Alain Chabat par image - Statistiques

Statistiques générales
  • Ce quiz a été pris 807 fois
    550 depuis la dernière actualisation
  • Le résultat moyen est 8 sur 16
Statistiques - réponses
Par images Réponse % Correct
Asterix et Obélix : mission Cléopatre
99%
Sur la piste du Marsupilami
97%
RRRrrrr!!!
92%
La Cité de la peur
91%
Didier
79%
Santa et Cie
78%
La Nuit au musée 2
74%
Chouchou
55%
Kaamelott : Premier Volet
39%
Gazon maudit
36%
Prête-moi ta main
26%
Réalité
20%
Turf
18%
La Guerre des boutons
16%
Incroyable mais vrai
12%
Valérian et la Cité des mille planètes
11%
Aucun quiz correspondant
Distribution des résultats
% des personnes avec chaque résultat
Percentile par nombre de réponses
Votre historique - résultats
Vous n’avez pas pris ce quiz depuis la dernière actualisation